Caricamento...

Selected poems /

Dettagli Bibliografici
Autore principale: Shelley, Percy Bysshe
Altri autori: Edmund Blunden (Redattore)
Natura: Printed Book
Lingua:English
Pubblicazione: Standard Literature, 1968.
Soggetti:
LEADER 00509nam a2200157Ia 4500
008 150624b xxu||||| |||| 00| p eng d
082 |a 821.6S208 
100 |a Shelley, Percy Bysshe 
245 |a Selected poems /  |c Percy Bysshe Shelley 
260 |b Standard Literature,  |c 1968. 
300 |a 639 p. 
650 |v Poetry 
700 |a Edmund Blunden  |e editor. 
942 |c BK 
999 |c 687  |d 687 
952 |0 0  |1 0  |4 0  |6 821_000000000000000_6S208_SEL  |7 0  |9 686  |a UL  |b UL  |c ST2  |d 1998-09-24  |o 821.6S208 SEL  |p 2403  |r 2012-10-27  |w 2012-10-27  |y BK